| 000 | 00546nam a2200181Ia 4500 | ||
|---|---|---|---|
| 008 | 200115s9999 xx 000 0 und d | ||
| 100 | _aBartholomew, Anita | ||
| 245 | _aMedical breakthroughs/ | ||
| 245 | _cAnita Bartholomew | ||
| 260 | _bReader's Digest Asia | ||
| 260 | _c2019 | ||
| 300 | _aPages 38-45, August 2019 | ||
| 440 |
_aAsia Reader's Digest: Acts of Kindness Everyone can do _v116:678 |
||
| 650 | _amedical care | ||
| 650 | _amedical technology | ||
| 650 | _aparkinson's disease | ||
| 650 | _aParkinson's disease -- Treatment | ||
| 999 |
_c362919 _d362919 |
||